Japan A-Z #2 - Statistics

General Stats
  • This quiz has been taken 675 times
  • The average score is 15 of 25
Answer Stats
Hint Answer % Correct
Y Currency Yen
93%
B Most popular spectator sport Baseball
92%
T Large sea wave caused by seismic shifts Tsunami
88%
E Title of Akihito and Hirohito Emperor
86%
K Robe worn on formal occassions Kimono
84%
J Type of modern martial art Judo
83%
S Traditional Japanese religion Shintoism
83%
G Traditional hostess Geisha
82%
H Island of Sapporo Hokkaido
81%
Z Princess that Link must rescue Zelda
72%
A Former prime minister Shinzo Abe
70%
I Site of a brutal WWII battle Iwo Jima
67%
V These machines contain almost everything you need {Vending} Machine
66%
U Type of thick, wheat-flour noodle Udon
64%
F Thin mattress on a foldable frame Futon
59%
P What Pokémon is short for Pocket Monsters
46%
C Business hotel with extremely tiny rooms {Capsule} Hotel
38%
L Period of economic stagnation, 1991-2000 {Lost} Decade
36%
M Most famous type of Japanese monkey Macaque
33%
O Term for a Japanese hot spring Onsen
32%
D Parliament of Japan Diet
26%
N Stock market index Nikkei 225
25%
R Horror novel by Koji Suzuki Ring
25%
Q Fire Pokémon of Ash Ketchum Quilava
13%
W Animated biopic of aviation engineer, Jiro Horikoshi Wind Rises
9%
No matching quizzes found
Score Distribution
Percent of People with Each Score
Percentile by Number Answered
Your Score History
You have not taken this quiz